गति-अवरोध/ (Record no. 166456)

MARC details
000 -LEADER
fixed length control field 00979nam a22002657a 4500
003 - CONTROL NUMBER IDENTIFIER
control field dpl
005 - DATE AND TIME OF LATEST TRANSACTION
control field 20190724141906.0
008 - FIXED-LENGTH DATA ELEMENTS--GENERAL INFORMATION
fixed length control field 190715b ||||| |||| 00| 0 eng d
010 ## - LIBRARY OF CONGRESS CONTROL NUMBER
LC control number B-038007
020 ## - INTERNATIONAL STANDARD BOOK NUMBER
Terms of availability 100.00
035 ## - SYSTEM CONTROL NUMBER
System control number B-038007
037 ## - SOURCE OF ACQUISITION
Source of stock number/acquisition BPPD/PUB
040 ## - CATALOGING SOURCE
Original cataloging agency DPL
Language of cataloging HN
Transcribing agency 0
082 ## - DEWEY DECIMAL CLASSIFICATION NUMBER
Classification number 827
Item number श्रीवास्तव
100 ## - MAIN ENTRY--PERSONAL NAME
Personal name श्रीवस्ताव
9 (RLIN) 44896
245 ## - TITLE STATEMENT
Title गति-अवरोध/
Statement of responsibility, etc सुबोध कुमार श्रीवस्ताव
Medium HN
246 ## - VARYING FORM OF TITLE
Title proper/short title GATA-AVRODH
Remainder of title Subodh Kumar Srivastava
260 ## - PUBLICATION, DISTRIBUTION, ETC. (IMPRINT)
Place of publication, distribution, etc शाहदरा दिल्ली
Name of publisher, distributor, etc शुभम प्रकाशन
Date of publication, distribution, etc 2001
270 ## - ADDRESS
City दिल्ली
Address एन-10, उलधनपुर, नवीन शाहदरा, दिल्ली
300 ## - PHYSICAL DESCRIPTION
Extent 102 पृ
Dimensions 21सेमी (सजिल्द)
650 ## - SUBJECT ADDED ENTRY--TOPICAL TERM
9 (RLIN) 1191
650 ## - SUBJECT ADDED ENTRY--TOPICAL TERM
9 (RLIN) 78586
650 ## - SUBJECT ADDED ENTRY--TOPICAL TERM
9 (RLIN) 78587
942 ## - ADDED ENTRY ELEMENTS (KOHA)
Source of classification or shelving scheme Dewey Decimal Classification
Koha item type Hindi Books
Classification part 827
Call number suffix श्रीवास्तव
Holdings
Withdrawn status Lost status Source of classification or shelving scheme Damaged status Not for loan Collection code Home library Current library Date acquired Source of acquisition Cost, normal purchase price Total Checkouts Full call number Barcode Date last seen Cost, replacement price Price effective from Koha item type
    Dewey Decimal Classification     Non-fiction Shahdara Branch Shahdara Branch 24/07/2019 BPPD/PUB 100.00   827 श्रीवास्तव B-038007 24/07/2019 100.00 24/07/2019 Hindi Books

© Delhi Public Library
Hit Counter
free hit counter